00771 a2200229 4500999001500000010001400015020002200029035001300051037001500064082000800079100002300087245007200110260006600182300003400248500004000282650001600322650003300338650001600371700001800387942002800405952010800433 c4489d4489 aENG-86328 a8172149344c75.00 aEN-69861 bDBAD / PUB14a2801 aGeorgekutty, K. V.1 aA grain of wheat /cby Georgekutty K.V. [and] helped by R.H. Lesser aDelhibIndian Society for Promoting Christian Knowledgec2006 axi, 84, [1] p. c19 cm. (Pbk) aIncludes bibliographical references 0aPersecution 0aChristiansxViolence against 0aCommunalism1 aLesser, R. H. adplcEN2ddch280 mGEO 001040718NFICaDBADbDBADeDBAD/PUBg75.00l0o280 GEOpEN-69861r2008-09-15 00:00:00t1v75.00yEN